000 00357nam a22001337a 4500
008 220124b ||||| |||| 00| 0 eng d
020 _a9789385985775
082 _a362.88
_b1
100 _aHalder Debarati.,etal
_97521
245 _aCyber Crimes Against Women In India
260 _aNew Delhi
_bSAGE Publications
_c2017
300 _a252.P
942 _2ddc
_cBK
999 _c11947
_d11947